Statistiques concernant Drapeaux dépourvus de bleu et de rouge

Cliquez ici pour prendre le quiz!

Statistiques générales

  • Ce quiz a été pris 55 fois
  • Le résultat moyen est 5 sur 11

Statistiques - réponses

Réponse% Correct
Irlande
65%
Côte d'Ivoire
58%
Arabie Saoudite
52%
Chypre
50%
Niger
50%
Nigeria
44%
Jamaïque
42%
Pakistan
42%
Bhoutan
31%
Qatar
19%
Mauritanie
15%

Distribution des résultats

Percentile par nombre de réponses

% des personnes avec chaque résultat

Votre développement - résultats

Vous n’avez pas pris ce quiz